000 00456nam a2200181Ia 4500
008 170203s9999 xx 000 0 und d
020 _a9780545272650
050 _aFic
050 _b.Z65y 2009
100 _aZiefert, Harriet
245 _aYou and Me:
245 _bWe're Opposites /
245 _cby Harriet Ziefert ; illustrated by Ethan Long.
260 _aNew York :
260 _bScholastic Inc.,
260 _c2009
650 _aOpposites-
999 _c306090
_d306090